Statistics for Women's Tennis Rankings 2016

Click here to take the quiz!

General Stats

  • This quiz has been taken 70 times
    (31 since last reset)
  • The average score is 22 of 32

Answer Stats

Rank Country Player % Correct
1GermanyAngelique Kerber
96%
2USASerena Williams
96%
4RomaniaSimona Halep
96%
11Czech RepublicPetra Kvitova
93%
17USAVenus Williams
93%
3PolandAgnieszka Radwanska
93%
19DenmarkCaroline Wozniacki
89%
10UKJohanna Konta
78%
7SpainGarbiñe Muguruza
78%
13BelarusVictoria Azarenka
78%
21AustraliaSamantha Stosur
74%
12SpainCarla Suárez Navarro
74%
14UkraineElina Svitolina
74%
22NetherlandsKiki Bertens
70%
18ItalyRoberta Vinci
70%
6Czech RepublicKarolina Pliskova
70%
8USAMadison Keys
70%
32Puerto RicoMonica Puig
70%
5SlovakiaDominika Cibulkova
67%
28HungaryTimea Babos
67%
24FranceCaroline Garcia
59%
25AustraliaDaria Gavrilova
56%
30RussiaEkaterina Makarova
56%
15SwitzerlandTimea Bacsinszky
52%
9RussiaSvetlana Kuznetsova
52%
29RomaniaIrina-Camelia Begu
52%
23ChinaZhang Shuai
48%
16RussiaElena Vesnina
44%
20Czech RepublicBarbora Strycova
44%
27RussiaAnastasia Pavlyuchenkova
44%
26RussiaDaria Kasatkina
33%
31GermanyLaura Siegemund
26%

Score Distribution

Percentile by Number Answered

Percent of People with Each Score

Your Score History

You have not taken this quiz since the last reset